005940000a220016900045001000034000007000029000347000022000637000032000852450135001170440013002520410014002656510035002796530027003146530019003416530013003607730051003731 aRíos Pulgarín, María I.1 aJiménez Segura, Luz F.1 aPalacio, Jaime A.1 aRamírez Restrepo, John J.10aComunidad de peces en la ciénaga de Ayapel, Río Magdalena (Córdoba ) Colombiascambios espacio-temporales en su asociación aColombia0 aEspañol 4dCórdobalCiénaga de Ayapel eCyphocharax magdalenae eRoeboides dayi gAstyanax1 tActualidades biológicash88q29-53d2008g30